00361nam a2200145Ia 450000500170000000800410001702000150005808200130007310000140008624500190010025000080011926000420012730000130016950000330018220250519025420.0240331s9999 xx 000 0 und d a9559529013 bMORa301 aMorris, D 0aManusath uyana a3rd aNugegodabNawa Widya Publishersc2001 a152 p ., aTranslation of The Human Zoo